Norwegian national football team squad - Statistics

General Stats
  • This quiz has been taken 73 times
  • The average score is 19 of 43
Answer Stats
club Answer % Correct
Borussia Dortmund Erling Haaland
97%
Arsenal Martin Ødegaard
97%
Real Sociedad Alexander Sørloth
86%
Lens Patrick Berg
83%
Brentford Kristoffer Ajer
81%
Sheffield United Sander Berge
80%
Watford Joshua King
69%
Reading Ørjan Nyland
69%
Eintracht Frankfurt Jens Petter Hauge
61%
Southampton Mohamed Elyounoussi
58%
Union Berlin Julian Ryerson
56%
Rosenborg André Hansen
54%
Rennes Birger Meling
53%
Gent Andreas Hanche-Olsen
51%
Genoa Leo Skiri Østigård
51%
Viking Veton Berisha
51%
Norwich City Mathias Normann
47%
Aalesund Sten Grytebust
47%
Salernitana Stefan Strandberg
46%
Feyenoord Marcus Holmgren Pedersen
44%
Bodø/Glimt Ola Solbakken
44%
Feyenoord Fredrik Aursnes
42%
Genk Kristian Thorstvedt
42%
Sampdoria Morten Thorsby
42%
Hertha BSC Fredrik André Bjørkan
37%
Shabab Al Ahli Thomas Lehne Olsen
36%
FC Krasnodar Erik Botheim
34%
1. FC Nürnberg Mats Møller Dæhli
32%
Bordeaux Stian Rode Gregersen
29%
Schalke 04 Marius Lode
27%
AZ Fredrik Midtsjø
25%
Red Star Belgrade Ohi Omoijuanfo
25%
Molde Jacob Karlstrøm
24%
Adana Demirspor Jonas Svensson
24%
Galatasaray Omar Elabdellaoui
24%
Venezia Dennis Johnsen
20%
AaB Iver Fossum
20%
Vålerenga Aron Dønnum
19%
Strømsgodset Viljar Myhra
19%
Ferencváros Kristoffer Zachariassen
12%
Nîmes Per Kristian Bråtveit
10%
Austin FC Ruben Gabrielsen
7%
Trabzonspor Anders Trondsen
5%
No matching quizzes found
Score Distribution
Percent of People with Each Score
Percentile by Number Answered
Your Score History
You have not taken this quiz